Logo BPK

Biblioteka

Politechniki Koszalińskiej

7 Sympozjum Techniki Laserowej, Szczecin-Świnoujście 23-27 września 2002 : (Rekord nr 43474)

Szczegóły MARC
000 -ETYKIETA REKORDU
podpole kontrolne o stałej długości 00935nam a2200253 i 4500
001 - NUMER KONTROLNY REKORDU
pole kontrolne bg
020 ## - MIĘDZYNARODOWY ZNORMALIZOWANY NUMER KSIĄŻKI - ISBN
ISBN 8388764020
040 ## - ŹRÓDŁO KATALOGOWANIA
Instytucja, która utworzyła rekord BPK
041 0# - KOD JĘZYKA
Kod języka tekstu pol
Kod języka streszczenia lub abstraktu eng
080 ## - UNIWERSALNA KLASYFIKACJA DZIESIĘTNA - UKD
UKD 621.375.826(061)
920 ## - Międzynarodowy znormalizowany numer książki – ISBN
ISBN 83-88764-02-0
008 - POLE O STAŁEJ DŁUGOŚCI - DANE KONTROLNE
podpole kontrolne o stałej długości s pl f |000 0 pol
111 2# - NAZWA IMPREZY
Nazwa imprezy Sympozjum Techniki Laserowej
Oznaczenie części/sekcji/imprezy (7 ;
Data imprezy 2002 ;
Miejsce imprezy Szczecin-Świnoujście).
245 02 - TYTUŁ/ODPOWIEDZIALNOŚĆ
Tytuł 7 Sympozjum Techniki Laserowej, Szczecin-Świnoujście 23-27 września 2002 :
Ciąg dalszy tytułu komunikaty /
Pozostałe elementy strefy tytułu i oznaczenia odpowiedzialności Komitet Elektroniki i Telekomunikacji PAN [et al.].
246 14 - WARIANT TYTUŁU
Tytuł Komunikaty 7 STL
260 ## - STREFA ADRESU WYDAWNICZEGO
Miejsce wydania Szczecin :
Nazwa wydawcy/dystrybutora Wydaw. Uczelniane Politechniki Szczecińskiej,
Data publikacji, dystrybucji/powstania dokumentu 2002.
300 ## - STREFA OPISU FIZYCZNEGO
Objętość 451 s. :
Inne cechy fizyczne il. ;
Rozmiary 24 cm.
500 ## - UWAGI OGÓLNE
Tekst uwagi Tyt. okł.: Komunikaty 7 STL. - Streszcz. ang. przy ref.
504 ## - UWAGA DOTYCZĄCA BIBLIOGRAFII
Informacje o bibliografii Bibliogr. przy ref. Indeks.
650 #9 - HASŁO PRZEDMIOTOWE W FORMIE NAZWY OGÓLNEJ LUB JEDNOSTKOWEJ
Nazwa ogólna lub geograficzna Lasery
655 ## - TERMIN INDEKSOWY - OKREŚLENIE RODZAJU/FORMY DOKUMENTU
Określenie rodzaju/formy dokumentu Materiały konferencyjne
710 #0 - HASŁO DODATKOWE - NAZWA CIAŁA ZBIOROWEGO
Nazwa ciała zbiorowego lub jednostki geograficznej Polska Akademia Nauk
Nazwa jednostki podrzędnej Komitet Elektroniki i Telekomunikacji
856 ## - LOKALIZACJA I DOSTĘP DO ELEKTRONICZNYCH DOKUMENTÓW ZDALNYCH
Link (URL) http://koha.tu.koszalin.pl/cgi-bin/koha/opac-detail.pl?biblionumber=43474
Tekst linku Katalog online BPK
942 ## - DODATKOWE ELEMENTY (KOHA)
Typ dokumentu Książka
Egzemplarze
Wycofany Status egzemplarza Uszkodzony Dostępność Lokalizacja stała Lokalizacja bieżąca Miejsce przechowywania Sygnatura Kod kreskowy Typ dokumentu
      Dostępny Biblioteka Politechniki Koszalińskiej Biblioteka Politechniki Koszalińskiej Wypożyczalnia BG 69121 02047775 Książka
© 2023 Biblioteka Politechniki Koszalińskiej :: KOHA